[Event "OGD Prinsenstad-toernooi - C groep"]
[Site "Delft"]
[Date "2010.04.02"]
[Round "2.3"]
[White "Van der Beek, Simon"]
[Black "Meulenbroek, Kim"]
[Result "1/2-1/2"]
[WhiteElo "1529"]
[BlackElo "1668"]
[PlyCount "134"]
[EventDate "2010.04.02"]
[EventType "swiss"]
[EventRounds "6"]
[EventCountry "NED"]
[Source "DSC"]
[SourceDate "2010.02.04"]

1. e4 Nf6 2. Nc3 d5 3. exd5 Nxd5 4. Nxd5 Qxd5 5. Qf3 e6 6. Qxd5 exd5 7. d4 Bd6
8. Bd3 b6 9. Nf3 O-O 10. O-O Ba6 11. Bxa6 Nxa6 12. c3 c5 13. Be3 f5 14. Rad1 c4
15. Ne5 f4 16. Bc1 Rae8 17. Rfe1 Nb8 18. f3 b5 19. a3 a5 20. Bd2 Bxe5 21. Rxe5
Rxe5 22. dxe5 Nc6 23. e6 Ne7 24. Bc1 g6 25. Kf2 Kg7 26. g3 fxg3+ 27. hxg3 Kf6
28. Re1 Rd8 29. Be3 Nc6 30. g4 Re8 31. Rh1 Kg7 32. Re1 Rxe6 33. Bc5 Rxe1 34.
Kxe1 Kf6 35. Kf2 h5 36. gxh5 gxh5 37. Kg3 Kf5 38. Bd6 d4 39. cxd4 Nxd4 40. Kf2
Nc6 41. Kg3 Ne5 42. Bf8 Kg6 43. Bc5 Nd3 44. Bd4 Kg5 45. Bc3 b4 46. axb4 axb4
47. Bd4 h4+ 48. Kg2 Nf4+ 49. Kh2 Kf5 50. Bc5 c3 51. bxc3 bxc3 52. Ba3 c2 53.
Bc1 Nd3 54. Bd2 c1=Q 55. Bxc1 Nxc1 56. Kh3 Kg5 57. f4+ Kh5 58. f5 Nd3 59. f6
Ne5 60. Kg2 Kg4 61. Kh2 Nf7 62. Kg2 Ng5 63. Kh2 Kf5 64. f7 Nxf7 65. Kh3 Kg5 66.
Kg2 Kg4 67. Kh2 Ng5 1/2-1/2

[Event "OGD Prinsenstad-toernooi - C groep"]
[Site "Delft"]
[Date "2010.04.02"]
[Round "2.4"]
[White "Weerts, René"]
[Black "Brokaar, Jaap"]
[Result "1-0"]
[WhiteElo "1660"]
[BlackElo "1484"]
[PlyCount "85"]
[EventDate "2010.04.02"]
[EventType "swiss"]
[EventRounds "6"]
[EventCountry "NED"]
[Source "DSC"]
[SourceDate "2010.02.04"]

1. d4 d5 2. Nf3 c6 3. c3 Nf6 4. Bf4 Bf5 5. Nh4 Bxb1 6. Qxb1 e6 7. Nf3 Bd6 8.
Ne5 Qc7 9. Bg3 Nbd7 10. f4 Ne4 11. e3 O-O 12. Bd3 f5 13. Qc2 Rac8 14. c4 Bb4+
15. Ke2 Be7 16. c5 Qd8 17. b4 Nxe5 18. fxe5 Qe8 19. Bxe4 fxe4 20. Raf1 Qh5+ 21.
Ke1 Bh4 22. Bf2 Bxf2+ 23. Rxf2 Rxf2 24. Qxf2 Rf8 25. Qe2 Qh4+ 26. g3 Qh3 27.
Rg1 Rf3 28. Kd2 Qf5 29. Rg2 Rf1 30. Kc2 Kf8 31. a4 Qf3 32. Kb2 Ke7 33. Ka2 Rd1
34. Rf2 Qxe2+ 35. Rxe2 Rd3 36. b5 cxb5 37. axb5 Rd1 38. Kb2 Rf1 39. b6 axb6 40.
cxb6 Rf7 41. Kb3 Rf1 42. Kb4 Rf7 43. Kc5 1-0

[Event "OGD Prinsenstad-toernooi - C groep"]
[Site "Delft"]
[Date "2010.04.02"]
[Round "2.5"]
[White "Dirkse, Simon"]
[Black "Van Lit, Mats"]
[Result "0-1"]
[WhiteElo "1467"]
[BlackElo "1639"]
[PlyCount "75"]
[EventDate "2010.04.02"]
[EventType "swiss"]
[EventRounds "6"]
[EventCountry "NED"]
[Source "DSC"]
[SourceDate "2010.02.04"]

1. d4 g6 2. c4 d6 3. Nf3 Bg7 4. Nc3 Nd7 5. e4 e5 6. d5 Ne7 7. Be2 O-O 8. Qc2 h6
9. g4 Nb6 10. g5 h5 11. Be3 Bg4 12. b3 Qd7 13. O-O-O Bxf3 14. Bxf3 f6 15. Be2
fxg5 16. c5 dxc5 17. Bb5 Qd6 18. Bxg5 Rf3 19. Be3 a6 20. Be2 Rf7 21. Rhg1 Kh7
22. Qd2 Raf8 23. Rg2 Nd7 24. Rf1 b5 25. Kc2 Nf6 26. f4 b4 27. Na4 Nxe4 28. Qd3
Qxd5 29. Qxa6 exf4 30. Bc4 Qf5 31. Rxf4 Qh3 32. Bxf7 Qxg2+ 33. Kb1 Nc3+ 34.
Nxc3 Bxc3 35. Bc1 Ra8 36. Bxg6+ Nxg6 37. Rf7+ Kh8 38. Qf6+ 0-1

[Event "OGD Prinsenstad-toernooi - C groep"]
[Site "Delft"]
[Date "2010.04.03"]
[Round "2.22"]
[White "Leentvaar, Maurits"]
[Black "Dessens, John"]
[Result "1-0"]
[WhiteElo "1166"]
[BlackElo "1475"]
[PlyCount "55"]
[EventDate "2010.04.02"]
[EventType "swiss"]
[EventRounds "6"]
[EventCountry "NED"]
[Source "DSC"]
[SourceDate "2010.02.04"]

1. e4 d6 2. d4 Nf6 3. Nc3 Nbd7 4. Be3 e5 5. dxe5 Nxe5 6. f4 Nc6 7. Be2 Be7 8.
g4 Nd7 9. g5 h6 10. gxh6 Bh4+ 11. Kf1 Rxh6 12. f5 Bg5 13. Bxg5 Qxg5 14. Nf3 Qd8
15. Rg1 Rh7 16. Ng5 Rxh2 17. Bh5 Nce5 18. Ne6 Qh4 19. Bxf7+ Nxf7 20. Nxg7+ Kd8
21. Ne6+ Ke8 22. Rg8+ Nf8 23. Rxf8+ Kd7 24. Rxf7+ Ke8 25. Rf8+ Kd7 26. Rd8+ Ke7
27. Nd5+ Kf7 28. Rf8# 1-0

[Event "OGD Prinsenstad-toernooi - C groep"]
[Site "Delft"]
[Date "2010.04.03"]
[Round "3.1"]
[White "Van Lit, Mats"]
[Black "Vissers, Yorrick"]
[Result "0-1"]
[WhiteElo "1639"]
[BlackElo "1681"]
[PlyCount "48"]
[EventDate "2010.04.02"]
[EventType "swiss"]
[EventRounds "6"]
[EventCountry "NED"]
[Source "DSC"]
[SourceDate "2010.02.04"]

1. e4 c5 2. Nc3 e6 3. g3 Nc6 4. Bg2 Nge7 5. d3 d5 6. f4 b5 7. Bd2 Ba6 8. a3 Rc8
9. Nf3 d4 10. Ne2 Qb6 11. g4 c4 12. Nc1 Na5 13. O-O c3 14. b4 cxd2 15. bxa5
dxc1=Q 16. axb6 Qxf4 17. bxa7 Ra8 18. Kh1 Rxa7 19. Nxd4 Qd6 20. c3 Ng6 21. Rb1
Qd7 22. e5 Rc7 23. Qe1 Be7 24. Qe4 O-O 0-1

[Event "OGD Prinsenstad-toernooi - C groep"]
[Site "Delft"]
[Date "2010.04.03"]
[Round "3.2"]
[White "Von Meijenfeldt, Chiel"]
[Black "Weerts, René"]
[Result "1/2-1/2"]
[WhiteElo "1675"]
[BlackElo "1660"]
[PlyCount "72"]
[EventDate "2010.04.02"]
[EventType "swiss"]
[EventRounds "6"]
[EventCountry "NED"]
[Source "DSC"]
[SourceDate "2010.02.04"]

1. Nf3 d6 2. c4 g6 3. g3 Bg7 4. Bg2 Nf6 5. O-O c6 6. Nc3 Nbd7 7. d4 Nf8 8. d5
h6 9. dxc6 bxc6 10. Nd4 Bd7 11. Nxc6 Qc8 12. Nxe7 Kxe7 13. Bxa8 Qxa8 14. Bf4
Bh3 15. Qxd6+ Ke8 16. Qb8+ Qxb8 17. Bxb8 Bxf1 18. Kxf1 a6 19. Be5 N8d7 20. Bd4
Rg8 21. Rd1 Ke7 22. b3 Rd8 23. Bxf6+ Nxf6 24. Rxd8 Kxd8 25. Nd5 Nxd5 26. cxd5
f5 27. f3 Kd7 28. e4 Kd6 29. Ke2 fxe4 30. fxe4 Ke5 31. Kd3 Bf8 32. h3 Bb4 33.
g4 g5 34. Kc4 a5 35. Kd3 Kf4 36. Kd4 Bd6 1/2-1/2

[Event "OGD Prinsenstad-toernooi - C groep"]
[Site "Delft"]
[Date "2010.04.03"]
[Round "3.3"]
[White "Becker, Michael"]
[Black "Damen, Jip"]
[Result "0-1"]
[WhiteElo "1442"]
[BlackElo "1592"]
[PlyCount "88"]
[EventDate "2010.04.02"]
[EventType "swiss"]
[EventRounds "6"]
[EventCountry "NED"]
[Source "DSC"]
[SourceDate "2010.02.04"]

1. e4 e6 2. d4 d5 3. e5 c5 4. c3 Nc6 5. Nf3 Qb6 6. Bd3 Nh6 7. a3 cxd4 8. cxd4
Nf5 9. Bxf5 exf5 10. Nc3 Be6 11. O-O h6 12. b4 g5 13. b5 Na5 14. Qd3 Rc8 15.
Na4 Qc7 16. Bd2 Qc4 17. Qxc4 Nxc4 18. Bc3 Bxa3 19. Nd2 Be7 20. Rfc1 O-O 21.
Nxc4 Rxc4 22. Nb2 Rc7 23. Nd3 Rfc8 24. Bb2 Rxc1+ 25. Bxc1 Rc3 26. Ne1 a6 27.
bxa6 bxa6 28. Kf1 Bd7 29. Ke2 Bb5+ 30. Kd2 Bb4 31. Kd1 Rc4 32. Bb2 Bxe1 33.
Kxe1 Rc2 34. Ba3 Re2+ 35. Kd1 Rxf2 36. Rc1 Rxg2 37. Rc8+ Kh7 38. Rc7 Kg6 39.
Rb7 f4 40. Rb6+ Kf5 41. Rf6+ Ke4 42. Rxf7 f3 43. e6 f2 44. e7 Rg1+ 0-1

[Event "OGD Prinsenstad-toernooi - C groep"]
[Site "Delft"]
[Date "2010.04.03"]
[Round "3.4"]
[White "Lont, Jolle"]
[Black "Van der Beek, Simon"]
[Result "0-1"]
[WhiteElo "1692"]
[BlackElo "1529"]
[PlyCount "91"]
[EventDate "2010.04.02"]
[EventType "swiss"]
[EventRounds "6"]
[EventCountry "NED"]
[Source "DSC"]
[SourceDate "2010.02.04"]

1. d4 d5 2. c4 c6 3. Nf3 Nf6 4. Nc3 Bg4 5. Ne5 Nbd7 6. Nxg4 Nxg4 7. e4 h5 8. f3
Ngf6 9. e5 Ng8 10. cxd5 cxd5 11. Nxd5 e6 12. Nc3 Bb4 13. Bd3 Qh4+ 14. Kf1 Qxd4
15. f4 Bxc3 16. bxc3 Qxc3 17. Be3 Ne7 18. Rc1 Qa3 19. Bb5 Nd5 20. Bc5 Qa5 21.
Bxd7+ Kxd7 22. a3 Rac8 23. Bb4 Qb5+ 24. Kf2 Rxc1 25. Qxc1 Rc8 26. Qd2 Qc4 27.
Rd1 Qc2 28. g3 b6 29. Ke1 Qe4+ 30. Qe2 Qxe2+ 31. Kxe2 Rc2+ 32. Rd2 Rc4 33. Bd6
b5 34. h3 h4 35. f5 hxg3 36. fxe6+ Kxe6 37. Kf1 Rf4+ 38. Kg2 Rf2+ 39. Rxf2 gxf2
40. Kxf2 a5 41. Kf3 b4 42. axb4 axb4 43. Ke4 b3 44. Ba3 Nb6 45. Kd3 g6 46. Bd6
0-1

[Event "OGD Prinsenstad-toernooi - C groep"]
[Site "Delft"]
[Date "2010.04.03"]
[Round "3.5"]
[White "Meulenbroek, Kim"]
[Black "Bergshoeff, Bert"]
[Result "1-0"]
[WhiteElo "1668"]
[BlackElo "1395"]
[PlyCount "75"]
[EventDate "2010.04.02"]
[EventType "swiss"]
[EventRounds "6"]
[EventCountry "NED"]
[Source "DSC"]
[SourceDate "2010.02.04"]

1. e4 c6 2. d4 d5 3. exd5 cxd5 4. Bd3 Nf6 5. h3 Nc6 6. c3 e6 7. Bf4 Bd6 8. Bxd6
Qxd6 9. Nf3 O-O 10. O-O Re8 11. Re1 e5 12. dxe5 Nxe5 13. Nd4 Bd7 14. Na3 a6 15.
Nac2 Nxd3 16. Qxd3 Rad8 17. Ne3 Be6 18. Re2 Qd7 19. Rae1 Ne4 20. Kh2 Nc5 21.
Qc2 Ne4 22. g4 Qc7+ 23. Kg2 Nf6 24. Nef5 Qc8 25. Qd2 Ne4 26. Rxe4 dxe4 27. Qg5
g6 28. Qh6 gxf5 29. Qg5+ Kh8 30. Qf6+ Kg8 31. gxf5 Bd5 32. Re3 Qc7 33. Rg3+
Qxg3+ 34. Kxg3 e3 35. Qg5+ Kh8 36. Qf6+ Kg8 37. Qg5+ Kh8 38. Kh4 1-0

[Event "OGD Prinsenstad-toernooi - C groep"]
[Site "Delft"]
[Date "2010.04.03"]
[Round "3.13"]
[White "Oosterbaan, Tristan"]
[Black "Koks, Paul"]
[Result "1-0"]
[WhiteElo "1376"]
[BlackElo "1596"]
[PlyCount "37"]
[EventDate "2010.04.02"]
[EventType "swiss"]
[EventRounds "6"]
[EventCountry "NED"]
[Source "DSC"]
[SourceDate "2010.02.04"]

1. e4 d6 2. d4 Nf6 3. Nc3 g6 4. Bg5 Bg7 5. Nf3 O-O 6. Bc4 c5 7. e5 dxe5 8. dxe5
Ng4 9. Nd5 Nc6 10. O-O Ngxe5 11. Nxe5 Bxe5 12. Re1 Bxb2 13. Rxe7 Bxa1 14. Qxa1
Nd4 15. Bh6 Qd6 16. Bf4 Qc6 17. Rxf7 Qa4 18. Nf6+ Kh8 19. Rxh7# 1-0

[Event "OGD Prinsenstad-toernooi - C groep"]
[Site "Delft"]
[Date "2010.04.03"]
[Round "4.1"]
[White "Damen, Jip"]
[Black "Vissers, Yorrick"]
[Result "0-1"]
[WhiteElo "1592"]
[BlackElo "1681"]
[PlyCount "52"]
[EventDate "2010.04.02"]
[EventType "swiss"]
[EventRounds "6"]
[EventCountry "NED"]
[Source "DSC"]
[SourceDate "2010.02.04"]

1. e4 c5 2. Nf3 d6 3. d4 cxd4 4. Nxd4 Nf6 5. Nc3 a6 6. Be2 e5 7. Nb3 Be7 8. O-O
O-O 9. f4 Nbd7 10. Bc4 Nb6 11. Bd5 Nbxd5 12. Nxd5 Nxe4 13. Qe2 f5 14. Be3 Be6
15. Bb6 Qd7 16. Nc7 Rac8 17. Nxe6 Qxe6 18. c3 Rf7 19. Rad1 Re8 20. Qd3 Bf8 21.
Qd5 Qh6 22. Na5 exf4 23. Nxb7 Re5 24. Qc4 d5 25. Rxd5 Qxb6+ 26. Kh1 Rxd5 0-1

[Event "OGD Prinsenstad-toernooi - C groep"]
[Site "Delft"]
[Date "2010.04.03"]
[Round "4.2"]
[White "Arkesteijn, Jaco"]
[Black "Von Meijenfeldt, Chiel"]
[Result "0-1"]
[WhiteElo "1554"]
[BlackElo "1675"]
[PlyCount "69"]
[EventDate "2010.04.02"]
[EventType "swiss"]
[EventRounds "6"]
[EventCountry "NED"]
[Source "DSC"]
[SourceDate "2010.02.04"]

1. d4 f5 2. c4 Nf6 3. Nc3 e6 4. g3 c6 5. Bg2 d5 6. cxd5 exd5 7. Bg5 Bd6 8. Bh3
O-O 9. Qc2 Qe8 10. Nf3 Ne4 11. Be3 Nd7 12. Nd2 Ndf6 13. O-O-O Qh5 14. Ndxe4
fxe4 15. Bxc8 Raxc8 16. Rdf1 c5 17. Qb3 b6 18. Kb1 c4 19. Qc2 Qe8 20. Bf4 Be7
21. f3 Bb4 22. e3 Bxc3 23. Qxc3 exf3 24. Ka1 Ne4 25. Qc2 f2 26. g4 g5 27. Bg3
Qf7 28. Bxf2 Nxf2 29. Rhg1 Rc6 30. Rg2 Rf6 31. a3 Nd3 32. Rxf6 Qxf6 33. h4 Qf1+
34. Ka2 Nc1+ 35. Ka1 0-1

[Event "OGD Prinsenstad-toernooi - C groep"]
[Site "Delft"]
[Date "2010.04.03"]
[Round "4.3"]
[White "Weerts, René"]
[Black "Van der Beek, Simon"]
[Result "1-0"]
[WhiteElo "1660"]
[BlackElo "1529"]
[PlyCount "71"]
[EventDate "2010.04.02"]
[EventType "swiss"]
[EventRounds "6"]
[EventCountry "NED"]
[Source "DSC"]
[SourceDate "2010.02.04"]

1. d4 d5 2. Nf3 Nc6 3. c3 Bg4 4. Nbd2 Nf6 5. e3 e6 6. Qa4 Nd7 7. Bb5 Bxf3 8.
Nxf3 Ncb8 9. Qc2 c6 10. Bd3 Nf6 11. O-O g6 12. Ne5 Nbd7 13. f4 c5 14. b3 Rc8
15. Rf3 Qc7 16. Bb2 cxd4 17. exd4 Bd6 18. Re1 Qa5 19. Rh3 Ke7 20. f5 Bxe5 21.
dxe5 Ng4 22. f6+ Ngxf6 23. exf6+ Nxf6 24. Rf1 Ng4 25. Qe2 h5 26. c4 Rhg8 27.
cxd5 Qxd5 28. Ba3+ Kd8 29. Be4 Qd4+ 30. Kh1 Kc7 31. Rd3 Qg7 32. Bxb7 Rcd8 33.
Bf3 Rxd3 34. Qxd3 Rd8 35. Rc1+ Kb6 36. Qxd8+ 1-0

[Event "OGD Prinsenstad-toernooi - C groep"]
[Site "Delft"]
[Date "2010.04.03"]
[Round "4.5"]
[White "Huisman, Edgar"]
[Black "Bekker, Michael"]
[Result "0-1"]
[WhiteElo "1668"]
[BlackElo "1442"]
[PlyCount "68"]
[EventDate "2010.04.02"]
[EventType "swiss"]
[EventRounds "6"]
[EventCountry "NED"]
[Source "DSC"]
[SourceDate "2010.02.04"]

1. Nf3 d6 2. d4 g6 3. e4 Bg7 4. c3 Nd7 5. Bd3 Ngf6 6. O-O a6 7. Bg5 b5 8. Re1
Bb7 9. Nbd2 c5 10. e5 dxe5 11. dxe5 Ng4 12. e6 Nde5 13. exf7+ Kxf7 14. Bc2 Qc7
15. Qe2 Rad8 16. h3 Rxd2 17. Nxd2 h5 18. f4 c4 19. Bh4 Bf6 20. Bg3 Nd3 21. Rf1
Qc5+ 22. Bf2 Ngxf2 23. Rxf2 Bh4 24. Bxd3 cxd3 25. Qf1 Kg7 26. Re1 Rf8 27. Ne4
Bxe4 28. Rxe4 d2 29. Rd4 d1=Q 30. Qxd1 Bxf2+ 31. Kxf2 e5 32. g3 exd4 33. cxd4
Rd8 34. Ke3 Qe7+ 0-1

[Event "OGD Prinsenstad-toernooi - C groep"]
[Site "Delft"]
[Date "2010.04.03"]
[Round "5.1"]
[White "Vissers, Yorrick"]
[Black "Drenthen, Arjan"]
[Result "1-0"]
[WhiteElo "1681"]
[BlackElo "1650"]
[PlyCount "67"]
[EventDate "2010.04.02"]
[EventType "swiss"]
[EventRounds "6"]
[EventCountry "NED"]
[Source "DSC"]
[SourceDate "2010.02.04"]

1. e4 e5 2. Nf3 Nf6 3. Nxe5 d6 4. Nf3 Nxe4 5. Nc3 Nxc3 6. dxc3 g6 7. Be3 Bg7 8.
Qd2 O-O 9. h4 h5 10. Bd3 Re8 11. Ng5 Bh6 12. O-O-O Nc6 13. Bxg6 Rxe3 14. Nxf7
Qf8 15. fxe3 Ne7 16. Bxh5 Nf5 17. Nxh6+ Qxh6 18. Bf3 Ng3 19. Bd5+ Kh7 20. Rh2
Bf5 21. Qf2 Qg6 22. Rd4 c6 23. Bc4 Rf8 24. Rf4 Rf6 25. Bd3 Kg7 26. Bxf5 Nxf5
27. g4 Nxe3 28. Qxe3 Re6 29. Qd4+ Kg8 30. b3 Qe8 31. Qd2 Re1+ 32. Kb2 Qe5 33.
h5 Re3 34. Rhf2 1-0

[Event "OGD Prinsenstad-toernooi - C groep"]
[Site "Delft"]
[Date "2010.04.03"]
[Round "5.2"]
[White "Bekker, Michael"]
[Black "Weerts, René"]
[Result "1-0"]
[WhiteElo "1442"]
[BlackElo "1660"]
[PlyCount "127"]
[EventDate "2010.04.02"]
[EventType "swiss"]
[EventRounds "6"]
[EventCountry "NED"]
[Source "DSC"]
[SourceDate "2010.02.04"]

1. e4 g6 2. d4 d5 3. exd5 Qxd5 4. Nc3 Qa5 5. Bc4 Nf6 6. Bd2 Qb4 7. Qe2 Bh6 8.
Bxh6 Qxb2 9. Nd1 Qxa1 10. Bg7 Qxd4 11. Bxh8 Bg4 12. Bxf6 Bxe2 13. Bxf7+ Kxf7
14. Bxd4 Bxd1 15. Kxd1 Nc6 16. Be3 Rd8+ 17. Kc1 a5 18. Nf3 h5 19. Rd1 Rc8 20.
Rd5 Nb4 21. Rxa5 b6 22. Ng5+ Ke8 23. Ra4 c5 24. a3 Nd5 25. c4 Nf6 26. Ra6 Rc6
27. a4 e5 28. a5 Nd7 29. axb6 Rxb6 30. Ra5 Rb4 31. Ne6 Rxc4+ 32. Kd2 Rg4 33. g3
Nb6 34. Rxc5 Nc4+ 35. Kc3 Nxe3 36. fxe3 Ra4 37. Rxe5 Kf7 38. Nd8+ Kf6 39. Rd5
h4 40. Rd4 Ra3+ 41. Kb4 Rxe3 42. Rxh4 Re5 43. Rh7 Re2 44. h4 Re4+ 45. Kc5 Kf5
46. Rg7 Rg4 47. Rf7+ Ke5 48. Rf3 Ra4 49. Nc6+ Ke6 50. Nd4+ Ke5 51. Re3+ Kf6 52.
g4 Kf7 53. Rf3+ Kg7 54. g5 Ra6 55. Rb3 Ra4 56. Rb7+ Kh8 57. Nc6 Ra1 58. Re7
Rc1+ 59. Kd6 Kg8 60. Ne5 Rc2 61. Ke6 Re2 62. Kf6 Rf2+ 63. Kxg6 Rf8 64. Rg7+ 1-0

[Event "OGD Prinsenstad-toernooi - C groep"]
[Site "Delft"]
[Date "2010.04.03"]
[Round "5.3"]
[White "Von Meijenfeldt, Chiel"]
[Black "Meulenbroek, Kim"]
[Result "1-0"]
[WhiteElo "1675"]
[BlackElo "1668"]
[PlyCount "94"]
[EventDate "2010.04.02"]
[EventType "swiss"]
[EventRounds "6"]
[EventCountry "NED"]
[Source "DSC"]
[SourceDate "2010.02.04"]

1. Nf3 d5 2. c4 d4 3. b4 g6 4. Bb2 Bg7 5. e3 e5 6. exd4 exd4 7. Qe2+ Ne7 8. Qd3
Bf5 9. Qb3 O-O 10. Bd3 Re8 11. O-O c5 12. Bxf5 Nxf5 13. bxc5 Qc7 14. d3 Nd7 15.
Ba3 Nxc5 16. Bxc5 Qxc5 17. Qxb7 Rab8 18. Qa6 Rb2 19. Qa3 Qb6 20. Nbd2 Re2 21.
Rab1 Rxb1 22. Rxb1 Bf8 23. Qa4 Qe6 24. Ne4 Rxe4 25. dxe4 Qxe4 26. Qd1 Bc5 27.
Qe1 Qc6 28. Rb8+ Kg7 29. Qe5+ Kh6 30. Qe1 Bd6 31. Qc1+ Kg7 32. Rb3 Bc5 33. Rd3
Qa4 34. Qb1 Qxc4 35. Qb3 Qc1+ 36. Rd1 Qf4 37. Qd5 Bb6 38. Qe5+ Qxe5 39. Nxe5
Ba5 40. g4 Ne7 41. Nf3 Bc3 42. Nxd4 a5 43. Nb5 Bb2 44. Rd7 Nc6 45. Rc7 Ne5 46.
h3 a4 47. Kf1 Bc1 1-0

[Event "OGD Prinsenstad-toernooi - C groep"]
[Site "Delft"]
[Date "2010.04.03"]
[Round "5.4"]
[White "Van Lit, Mats"]
[Black "Oosterbaan, Tristan"]
[Result "1-0"]
[WhiteElo "1639"]
[BlackElo "1376"]
[PlyCount "75"]
[EventDate "2010.04.02"]
[EventType "swiss"]
[EventRounds "6"]
[EventCountry "NED"]
[Source "DSC"]
[SourceDate "2010.02.04"]

1. e4 e5 2. Nf3 Nc6 3. d4 exd4 4. Nxd4 Qh4 5. Nb5 Bc5 6. Qe2 Nd4 7. Nxd4 Bxd4
8. g3 Qf6 9. c3 Bb6 10. h4 h6 11. Be3 Bxe3 12. Qxe3 d6 13. Nd2 Ne7 14. O-O-O
Be6 15. Kb1 Nc6 16. f4 g6 17. Bg2 Qg7 18. Rdf1 O-O-O 19. Ka1 d5 20. f5 gxf5 21.
exf5 Bd7 22. Bxd5 Kb8 23. f6 Qh7 24. Rh2 Rhe8 25. Qf4 Qd3 26. Bxf7 Re5 27. Bc4
Qc2 28. Nf3 Qe4 29. Nxe5 Qxe5 30. Qxe5 Nxe5 31. f7 Rf8 32. Rd2 a6 33. Bb3 Kc8
34. Rfd1 b5 35. Rxd7 Nxd7 36. Be6 a5 37. Bxd7+ Kd8 38. Bxb5+ 1-0

[Event "OGD Prinsenstad-toernooi - C groep"]
[Site "Delft"]
[Date "2010.04.03"]
[Round "5.5"]
[White "Vriens, Huib"]
[Black "Arkesteijn, Jaco"]
[Result "1/2-1/2"]
[WhiteElo "1591"]
[BlackElo "1554"]
[PlyCount "98"]
[EventDate "2010.04.02"]
[EventType "swiss"]
[EventRounds "6"]
[EventCountry "NED"]
[Source "DSC"]
[SourceDate "2010.02.04"]

1. e4 c5 2. Nf3 d6 3. d4 cxd4 4. Nxd4 Nf6 5. Nc3 a6 6. Be3 e5 7. Nb3 Nbd7 8.
Be2 b5 9. f3 Bb7 10. Qd2 Nb6 11. Na5 Rb8 12. Nxb7 Rxb7 13. b3 Rd7 14. Nxb5 d5
15. exd5 Nbxd5 16. O-O Nf4 17. Qe1 Nxe2+ 18. Qxe2 axb5 19. Qxb5 Bd6 20. Bc5 O-O
21. Bxd6 Rxd6 22. Qxe5 Re8 23. Qc5 Rd2 24. Rfe1 Ree2 25. Rxe2 Rxe2 26. Rf1 g6
27. g3 h6 28. a4 Nh7 29. Rf2 Re1+ 30. Rf1 Rxf1+ 31. Kxf1 Qd1+ 32. Kg2 Ng5 33.
Qf2 Kf8 34. a5 Qd6 35. Qe2 Ne6 36. Qe1 g5 37. b4 Nd4 38. Qc3 Qe5 39. g4 h5 40.
h3 h4 41. Qc5+ Qxc5 42. bxc5 Ke7 43. c3 Nc6 44. a6 Ke6 45. Kf2 Ke5 46. Ke3 Na7
47. Kd3 Nc6 48. Kc4 Na7 49. Kb4 Kd5 1/2-1/2

[Event "OGD Prinsenstad-toernooi - C groep"]
[Site "Delft"]
[Date "2010.04.03"]
[Round "5.18"]
[White "Luk, Jaimy"]
[Black "Van der Willik, Bert"]
[Result "1-0"]
[WhiteElo "1591"]
[BlackElo "1417"]
[PlyCount "45"]
[EventDate "2010.04.02"]
[EventType "swiss"]
[EventRounds "6"]
[EventCountry "NED"]
[Source "DSC"]
[SourceDate "2010.02.04"]

1. e4 e5 2. Nf3 Nc6 3. Bc4 Bc5 4. c3 Na5 5. Be2 Nc6 6. d4 exd4 7. cxd4 Bb4+ 8.
Nc3 d5 9. exd5 Qxd5 10. O-O Qd8 11. d5 Nce7 12. Qa4+ c6 13. Qxb4 Nxd5 14. Nxd5
cxd5 15. Re1 Ne7 16. Bb5+ Kf8 17. Bf4 Be6 18. Bd6 Rc8 19. Nd4 a5 20. Qa3 g6 21.
Nxe6+ fxe6 22. Rxe6 Kf7 23. Rxe7+ 1-0

[Event "OGD Prinsenstad-toernooi - A groep"]
[Site "Delft"]
[Date "2011.04.22"]
[Round "1.9"]
[White "Ootes, Lennart"]
[Black "Bakker, Guido"]
[Result "1/2-1/2"]
[WhiteElo "2266"]
[BlackElo "2055"]
[Annotator "Prinsenstad-toernooi"]
[PlyCount "78"]
[EventDate "2011.04.22"]
[EventType "swiss"]
[EventRounds "6"]
[EventCountry "NED"]
[Source "DSC"]
[SourceDate "2011.04.22"]

1. e4 c5 2. Nf3 Nc6 3. d4 cxd4 4. Nxd4 Nf6 5. Nc3 g6 6. Nxc6 bxc6 7. e5 Ng8 8.
Bc4 Bg7 9. Qf3 e6 10. Bf4 Qa5 11. O-O Bxe5 12. b4 Qc7 13. Nb5 Qb8 14. Bxe5 Qxe5
15. Rad1 d5 16. Rfe1 Qb8 17. Bxd5 cxd5 18. Qxd5 Kf8 19. Qc5+ Kg7 20. Rd8 Qf4
21. Nc7 $6 (21. Qf8+ Kf6 22. Nd6 $18) 21... Bb7 22. Nxa8 Nh6 23. Qc3+ e5 24.
Rxh8 Ng4 25. Qg3 Qd2 26. Rf1 Ba6 27. Qxg4 Bxf1 28. Qc8 Qc1 29. Qf8+ Kf6 30.
Qd6+ Kf5 31. Qd7+ Kf6 32. Qd6+ Kf5 33. g4+ Kxg4 34. f3+ Kf5 35. Kf2 Bb5 36. Qc5
Qd2+ 37. Kg3 Qg5+ 38. Kf2 Qd2+ 39. Kg3 Qg5+ {
En remise door herhaling van zetten.} 1/2-1/2

[Event "OGD Prinsenstad-toernooi - A groep"]
[Site "Delft"]
[Date "2011.04.22"]
[Round "1.10"]
[White "Schröer, Marcel"]
[Black "Kirana, Marco"]
[Result "0-1"]
[WhiteElo "2010"]
[BlackElo "2206"]
[Annotator "Prinsenstad-toernooi"]
[PlyCount "74"]
[EventDate "2011.04.22"]
[EventType "swiss"]
[EventRounds "6"]
[EventCountry "NED"]
[Source "DSC"]
[SourceDate "2011.04.22"]

1. e4 d6 2. d4 Nf6 3. Nc3 g6 4. Bg5 c6 5. f4 Bg7 6. Bd3 Qb6 7. Nce2 c5 8. c3
cxd4 9. cxd4 Qxb2 10. Nf3 Qb4+ 11. Qd2 Qxd2+ 12. Kxd2 O-O 13. Rhc1 Nc6 14. Rab1
e6 15. h3 d5 16. Bxf6 Bxf6 17. e5 Be7 18. Ke3 a6 19. h4 Nb4 20. Rc7 Nc6 21. h5
Bd8 22. Rxc6 bxc6 23. Rh1 a5 24. Ng3 Ba6 25. Bb1 Rb8 26. Nh2 g5 27. Ng4 gxf4+
28. Kxf4 Rb4 29. Rd1 c5 30. h6 Rxd4+ 31. Rxd4 cxd4 32. Nh5 d3 33. Ngf6+ Bxf6
34. Nxf6+ Kh8 35. Ke3 Rb8 36. Bxd3 Bxd3 37. Kxd3 Rb2 {En opgegeven.} 0-1

[Event "OGD Prinsenstad-toernooi - A groep"]
[Site "Delft"]
[Date "2011.04.23"]
[Round "2.2"]
[White "Van den Doel, Erik"]
[Black "Goes, Sten"]
[Result "1-0"]
[WhiteElo "2557"]
[BlackElo "2206"]
[PlyCount "67"]
[EventDate "2011.04.22"]
[EventType "swiss"]
[EventRounds "6"]
[EventCountry "NED"]
[Source "DSC"]
[SourceDate "2011.04.22"]

1. e4 c5 2. Nf3 d6 3. Bb5+ Nd7 4. d4 cxd4 5. Qxd4 a6 6. Bxd7+ Bxd7 7. Bg5 h6 8.
Bh4 Nf6 9. Bxf6 gxf6 10. Nc3 Rg8 11. O-O-O e6 12. g3 Qa5 13. Nd2 b5 14. Qxf6
Bg7 15. Nb3 Qb6 16. Qf3 b4 17. Ne2 a5 18. Kb1 a4 19. Nbd4 Rc8 20. Rd2 a3 21. b3
Rc3 22. Nxc3 Bxd4 23. Na4 Bxa4 24. bxa4 Qc5 25. Rhd1 Be5 26. Qd3 Qc3 27. Qxc3
bxc3 28. Rd3 Ke7 29. f4 Rb8+ 30. Ka1 Bg7 31. Rxd6 Rb2 32. e5 f6 33. Rd7+ Kf8
34. Rc7 1-0

[Event "OGD Prinsenstad-toernooi - A groep"]
[Site "Delft"]
[Date "2011.04.23"]
[Round "3.1"]
[White "Reinderman, Dimitri"]
[Black "Van Oosterom, Chiel"]
[Result "1-0"]
[WhiteElo "2606"]
[BlackElo "2425"]
[PlyCount "55"]
[EventDate "2011.04.22"]
[EventType "swiss"]
[EventRounds "6"]
[EventCountry "NED"]
[Source "DSC"]
[SourceDate "2011.04.22"]

1. c4 e5 2. g3 Nf6 3. Bg2 c6 4. d4 Bb4+ 5. Bd2 Bxd2+ 6. Qxd2 d6 7. Nc3 O-O 8.
e3 Qe7 9. Nge2 Re8 10. O-O e4 11. h3 h5 12. f3 Bf5 13. g4 exf3 14. gxf5 fxg2
15. Rf3 Ne4 16. Nxe4 Qxe4 17. Kxg2 Nd7 18. Nc3 Qe7 19. Rg1 Nf6 20. Kh2 Ne4 21.
Qg2 Qf6 22. Nxe4 Rxe4 23. Rg3 Ree8 24. Rxg7+ Kf8 25. Qg3 h4 26. Qf4 Rad8 27.
Rh7 d5 28. Rh6 1-0